[Event "15th HZ Open"]
[Site "Vlissingen NED"]
[Date "2011.08.05"]
[Round "8"]
[White "Armstrong, Malcolm J"]
[Black "Stefan, Romulus-Cristian"]
[Result "0-1"]
[WhiteElo "1988"]
[BlackElo "2172"]
[WhiteFideId "409049"]
[BlackFideId "1232835"]
[EventDate "2011.07.30"]

1. d4 f5 2. Nc3 Nf6 3. Bg5 d5 4. Bxf6 exf6 5. e3 c6 6. Bd3 Na6 7. a3 Nc7 8. Qf3
g6 9. h3 Ne6 10. g4 f4 11. exf4 Nxd4 12. Qe3+ Qe7 13. O-O-O Ne6 14. Nge2 Bh6 15.
Kb1 Nc5 16. Qf3 Bd7 17. Rhe1 O-O-O 18. Nd4 Qd6 19. f5 Qf4 20. Qxf4 Bxf4 21. fxg6
Nxd3 22. g7 Nxe1 23. gxh8=Q Rxh8 24. Rxe1 h5 25. f3 hxg4 26. hxg4 Rh3 27. Rf1
Be5 28. Nde2 Rh2 29. Nc1 Kc7 30. Nd3 Bd4 31. Re1 a6 32. Ne2 Bb6 33. b4 Kd6 34.
Nec1 Bd4 35. Ne2 Ba7 36. Nec1 b6 37. Rg1 c5 38. g5 c4 39. Nf4 Bf5 40. g6 Bxc2+
41. Ka1 b5 42. Nce2 Bxg1 0-1

[Event "15th HZ Open"]
[Site "Vlissingen NED"]
[Date "2011.08.05"]
[Round "8"]
[White "Ducarmon, Renzo"]
[Black "Leenhouts, Koen"]
[Result "0-1"]
[BlackTitle "IM"]
[WhiteElo "1990"]
[BlackElo "2397"]
[WhiteFideId "1002279"]
[BlackFideId "1008439"]
[EventDate "2011.07.30"]

1. e4 e5 2. Bc4 Nf6 3. d3 Nc6 4. Nf3 Bc5 5. c3 a6 6. Bb3 Ba7 7. Nbd2 O-O 8. O-O
d6 9. Re1 h6 10. Nf1 Nh5 11. Be3 Nf4 12. Qd2 Qf6 13. Bxf4 Qxf4 14. Qxf4 exf4 15.
d4 Re8 16. N1d2 Bg4 17. h3 Bh5 18. Nh4 g5 19. Nf5 Kh7 20. g4 fxg3 21. fxg3 Bg6
22. Rf1 Na5 23. Bc2 b5 24. b4 Nb7 25. Kg2 c5 26. bxc5 dxc5 27. d5 c4 28. a4 Bc5
29. Rab1 Nd6 30. Nxd6 Bxd6 31. Rf2 Rab8 32. Re2 Be5 33. Re3 Kg7 34. Nf3 Bd6 35.
Nd2 Bc5 36. Ree1 f6 37. Kf3 h5 38. axb5 axb5 39. Rb2 Ba3 40. Ra2 Bd6 41. Rb1 Be5
42. Ra3 Re7 43. Nf1 Be8 44. Ne3 Bd7 45. Rd1 Bxh3 46. Rh1 g4+ 47. Kf2 Reb7 48.
Nf5+ Kf8 49. d6 Rd8 50. Rd1 h4 51. Nxh4 Bxd6 52. Ra6 Rbd7 53. Nf5 Be5 0-1

[Event "15th HZ Open"]
[Site "Vlissingen NED"]
[Date "2011.08.05"]
[Round "8"]
[White "Laarhoven, Thijs"]
[Black "Peeters, Marloes"]
[Result "1-0"]
[WhiteElo "2228"]
[BlackElo "1995"]
[WhiteFideId "1021265"]
[BlackFideId "1020056"]
[EventDate "2011.07.30"]

1. e4 c5 2. Nf3 d6 3. d4 cxd4 4. Nxd4 Nf6 5. Nc3 a6 6. Bg5 e6 7. f4 Nbd7 8. Qf3
Qc7 9. O-O-O b5 10. a3 Bb7 11. g4 Be7 12. Bxf6 gxf6 13. f5 e5 14. Nb3 Rc8 15.
Bd3 Nc5 16. Kb1 Nxb3 17. cxb3 Qa5 18. b4 Qb6 19. Bc2 a5 20. bxa5 Qxa5 21. Nd5
Rc6 22. Bb3 Rc5 23. g5 Bxd5 24. Bxd5 Rc7 25. Qh5 Rf8 26. Qh6 fxg5 27. f6 Bd8 28.
Rc1 Qb6 29. Rxc7 Bxc7 30. Rc1 1-0

[Event "15th HZ Open"]
[Site "Vlissingen NED"]
[Date "2011.08.05"]
[Round "8"]
[White "Aben, Paul"]
[Black "Heltzel, Joost"]
[Result "0-1"]
[BlackTitle "CM"]
[WhiteElo "1939"]
[BlackElo "2225"]
[WhiteFideId "1029495"]
[BlackFideId "1010522"]
[EventDate "2011.07.30"]

1. c4 b6 2. Nc3 Bb7 3. e4 e6 4. Nge2 f5 5. exf5 exf5 6. d4 g6 7. Nf4 Nf6 8. Be2
Bg7 9. O-O O-O 10. d5 Na6 11. Be3 g5 12. Nh5 Nxh5 13. Bxh5 Qf6 14. f4 gxf4 15.
Rxf4 Qe5 16. Qd4 Nb4 17. Qxe5 Bxe5 18. Rf3 Nc2 19. Rd1 f4 20. Bf2 c6 21. Bg4 Rf7
22. Ne4 cxd5 23. cxd5 Rg7 24. h3 Kh8 25. Kh1 Rc8 26. g3 fxg3 27. Nxg3 Nb4 28.
Nh5 Rg5 29. Be3 Rxg4 30. hxg4 Bxd5 31. Rxd5 Nxd5 32. Bh6 Bxb2 33. Rf7 Rd8 34. g5
Kg8 35. Rf5 Ne3 36. Rf3 Ng4 37. Rf4 Nxh6 38. gxh6 Be5 39. Ra4 a5 40. Rg4+ Kf7
41. Rg5 d6 0-1

[Event "15th HZ Open"]
[Site "Vlissingen NED"]
[Date "2011.08.05"]
[Round "8"]
[White "Nabuurs, Joep"]
[Black "Albrecht, Alex"]
[Result "1-0"]
[WhiteElo "2218"]
[BlackElo "1939"]
[WhiteFideId "1020013"]
[BlackFideId "1013580"]
[EventDate "2011.07.30"]

1. e4 e6 2. d4 d5 3. Nc3 Bb4 4. exd5 exd5 5. Bd3 Ne7 6. Qh5 Bxc3+ 7. bxc3 Qd6 8.
Ne2 Nd7 9. Bf4 Qc6 10. O-O Nf6 11. Qe5 Kd8 12. Bg5 Ng6 13. Qe3 h6 14. Bxf6+ Qxf6
15. c4 Re8 16. Qd2 Be6 17. Bxg6 Qxg6 18. Nf4 Qg5 19. Nxe6+ Rxe6 20. Qb4 Rd6 21.
Qxb7 Rc8 22. Rfe1 Qd2 23. c5 Rd7 24. Rab1 c6 25. Re8+ Kxe8 26. Qxc8+ Ke7 27. Kf1 1-0

[Event "15th HZ Open"]
[Site "Vlissingen NED"]
[Date "2011.08.05"]
[Round "8"]
[White "Sparreboom, Wil"]
[Black "Duchene, Rene"]
[Result "0-1"]
[WhiteElo "1948"]
[BlackElo "2206"]
[WhiteFideId "1003836"]
[BlackFideId "1006304"]
[EventDate "2011.07.30"]

1. d4 e6 2. c4 f5 3. g3 Nf6 4. Bg2 d5 5. Nh3 c6 6. cxd5 cxd5 7. O-O Nc6 8. Nf4
Bd6 9. Nc3 O-O 10. Qa4 Bd7 11. Be3 Ng4 12. Qd1 Nxe3 13. fxe3 Rc8 14. Rc1 Na5 15.
Qd3 Kh8 16. Nb5 Bb8 17. b4 Nc4 18. Na3 Nd6 19. Rc5 b6 20. Rc3 Rxc3 21. Qxc3 Qe7
22. Qb3 Rc8 23. Nd3 Nc4 24. Rc1 Nxe3 25. Rxc8+ Bxc8 26. Bf3 Qc7 27. Kf2 Nc4 28.
Nb5 Qe7 29. Na3 Qc7 30. Nb5 Qc6 31. a4 Ba6 32. Nxa7 Bxa7 33. b5 Bxb5 34. Qxb5
Qxb5 35. axb5 Bb8 36. g4 g6 37. gxf5 gxf5 38. Bh5 Kg7 39. h3 Nd6 40. Nf4 Kf6 41.
e3 Nxb5 42. Be2 Nc3 43. Nh5+ Kg5 44. Bf3 b5 45. Ke1 Ne4 46. Ng7 Kf6 47. Nh5+ Ke7
48. Bd1 Bd6 49. Bc2 b4 50. Ke2 Kf7 51. Kf3 b3 0-1

[Event "15th HZ Open"]
[Site "Vlissingen NED"]
[Date "2011.08.05"]
[Round "8"]
[White "Bijlsma, Nick"]
[Black "Swijsen, Lars"]
[Result "1/2-1/2"]
[WhiteElo "2174"]
[BlackElo "1960"]
[WhiteFideId "1007041"]
[BlackFideId "211800"]
[EventDate "2011.07.30"]

1. e4 e6 2. d4 d5 3. Nd2 Nf6 4. e5 Nfd7 5. c3 c5 6. f4 Nc6 7. Ndf3 Qb6 8. a3 f6
9. Bd3 cxd4 10. cxd4 fxe5 11. fxe5 Be7 12. b4 O-O 13. Bb2 a5 14. b5 Nd8 15. Nh3
Nf7 16. Qc2 g6 17. Bxg6 hxg6 18. Qxg6+ Kh8 19. Nf4 Nfxe5 20. Qh6+ Kg8 21. Nh5
Nxf3+ 22. gxf3 Kf7 23. Rg1 Bf6 24. Nxf6 Nxf6 25. Qg6+ Ke7 26. a4 Rf7 27. Rc1 Ke8
28. Rg3 Nd7 29. Rh3 Nf8 30. Rh8 Qd6 31. Rc3 Qb4 32. Kf1 Qxb2 33. Rxc8+ Rxc8 34.
Qxe6+ Kd8 35. Qd6+ Ke8 36. Rxf8+ Rxf8 37. Qe6+ 1/2-1/2

[Event "15th HZ Open"]
[Site "Vlissingen NED"]
[Date "2011.08.05"]
[Round "8"]
[White "Padurariu, Ioana-Smaranda"]
[Black "Arana Garate, Jon"]
[Result "1-0"]
[WhiteTitle "WIM"]
[WhiteElo "2164"]
[BlackElo "1928"]
[WhiteFideId "1210947"]
[BlackFideId "22200622"]
[EventDate "2011.07.30"]

1. e4 c6 2. d4 d5 3. e5 c5 4. dxc5 Nc6 5. Bf4 e6 6. c3 a5 7. Na3 Bxc5 8. Nb5
Nge7 9. Nf3 Nf5 10. Bd3 Qb6 11. O-O Bd7 12. a4 Nce7 13. Qd2 Bxb5 14. Bxb5+ Nc6
15. g4 Nh6 16. b4 Bf8 17. h3 Ng8 18. Rfb1 h5 19. g5 Ne7 20. Bd3 axb4 21. cxb4
Ng6 22. a5 Qd8 23. Bxg6 fxg6 24. Be3 Bxb4 25. Rxb4 Nxb4 26. Qxb4 Qd7 27. Rb1 Rf8
28. Nd4 Rf7 29. Nb5 Ra6 30. Bb6 Re7 31. Nc7+ Kf7 32. Nxa6 bxa6 33. Bc5 Re8 34.
Qb7 Rd8 35. Qxa6 Kg8 36. Rb7 1-0

[Event "15th HZ Open"]
[Site "Vlissingen NED"]
[Date "2011.08.05"]
[Round "8"]
[White "Both, Erik"]
[Black "De Vleeschauwer, Maarten"]
[Result "1-0"]
[WhiteElo "2147"]
[BlackElo "1918"]
[WhiteFideId "1010999"]
[BlackFideId "214809"]
[EventDate "2011.07.30"]

1. c4 e6 2. Nc3 f5 3. g3 Nf6 4. Bg2 d6 5. d3 Be7 6. e4 fxe4 7. dxe4 e5 8. Nd5
Nxd5 9. cxd5 O-O 10. Ne2 Bg4 11. h3 Bh5 12. O-O Nd7 13. Qc2 c6 14. dxc6 bxc6 15.
Nc3 Bf3 16. Be3 Bg5 17. Bxf3 Rxf3 18. Qe2 Rf7 19. Bxg5 Qxg5 20. Rad1 Qg6 21. Qc4
Rc8 22. Nd5 Kh8 23. Ne3 Nc5 24. Nf5 Nxe4 25. Nh4 Qf6 26. Qxe4 d5 27. Qe3 Rb8 28.
b3 Rb4 29. Ng2 Re4 30. Qd2 Rd4 31. Qc2 Re4 32. Rc1 Qf3 33. Qxc6 Re2 34. Qa8+ Rf8
35. Rc8 Kg8 36. Nf4 1-0

[Event "15th HZ Open"]
[Site "Vlissingen NED"]
[Date "2011.08.05"]
[Round "8"]
[White "Van Gemert, Rogier"]
[Black "Van Den Berg, Ad"]
[Result "0-1"]
[WhiteElo "1904"]
[BlackElo "2244"]
[WhiteFideId "1008811"]
[BlackFideId "1001426"]
[EventDate "2011.07.30"]

1. Nf3 f5 2. d4 Nf6 3. Bf4 e6 4. Nbd2 b6 5. e3 Be7 6. c3 O-O 7. Bc4 d5 8. Be2 c5
9. Ne5 Bd7 10. O-O Nc6 11. Rc1 c4 12. Qe1 b5 13. Ndf3 a5 14. Nxc6 Bxc6 15. Ne5
Qb6 16. f3 b4 17. g4 Nd7 18. Qg3 Nxe5 19. Bxe5 g6 20. Rf2 bxc3 21. bxc3 Qb2 22.
Rcf1 Qxc3 23. f4 Ra7 24. h4 Bf6 25. gxf5 exf5 26. h5 Rg7 27. Rg2 Be8 28. Kh1 Qb4
29. Rfg1 Qe7 30. Qf3 Bxe5 31. fxe5 c3 32. Bd1 a4 33. Bc2 Qd7 34. Qf4 Qe6 35. Kh2
Kh8 36. Qh6 Rfg8 37. Qf4 a3 38. Qf3 Qe7 39. Kh3 Bd7 40. Kg3 gxh5+ 41. Kf2 Qh4+
42. Kf1 0-1

[Event "15th HZ Open"]
[Site "Vlissingen NED"]
[Date "2011.08.06"]
[Round "9"]
[White "Landa, Konstantin"]
[Black "L'Ami, Erwin"]
[Result "1-0"]
[WhiteTitle "GM"]
[BlackTitle "GM"]
[WhiteElo "2628"]
[BlackElo "2611"]
[WhiteFideId "4101685"]
[BlackFideId "1007998"]
[EventDate "2011.07.30"]

1. e4 c5 2. Nf3 d6 3. d4 cxd4 4. Nxd4 Nf6 5. Nc3 a6 6. Be2 e5 7. Nb3 Be7 8. Bg5
Nbd7 9. O-O O-O 10. a4 h6 11. Bh4 b6 12. Bxf6 Nxf6 13. Bc4 Bb7 14. Re1 Rc8 15.
Qd3 Rxc4 16. Qxc4 Nxe4 17. Nxe4 d5 18. Qc3 dxe4 19. Qxe5 Bf6 20. Qg3 Bxb2 21.
Rab1 Qf6 22. a5 bxa5 23. Nc5 Bc6 24. Nxe4 Qe5 25. Qxe5 Bxe5 26. Rb6 Bb5 27. c4
Bxc4 28. Nd2 Bc3 29. Rc1 Bxd2 30. Rxc4 h5 31. g3 Ra8 32. Rc2 Bb4 33. Rcc6 g6 34.
Rb7 Bf8 35. Rf6 a4 36. Rfxf7 a5 37. Ra7 Rxa7 38. Rxa7 Bb4 39. Rc7 a3 40. Rc2 Kf7
41. Kf1 Ke6 42. Ke2 Kd5 43. Kd3 Bc5 44. f3 Bd4 45. Rc4 Bg1 46. h3 Bc5 47. Re4
Bd6 48. g4 h4 49. f4 a2 50. Ra4 Bxf4 51. Rxa5+ Ke6 52. Rxa2 Kf6 53. Ke4 Bg5 54.
Kd5 Be3 55. Re2 Bg5 56. Rf2+ Ke7 57. Ke5 Be3 58. Rb2 1-0

[Event "15th HZ Open"]
[Site "Vlissingen NED"]
[Date "2011.08.06"]
[Round "9"]
[White "Zaragatski, Ilja"]
[Black "Postny, Evgeny"]
[Result "0-1"]
[WhiteTitle "IM"]
[BlackTitle "GM"]
[WhiteElo "2469"]
[BlackElo "2618"]
[WhiteFideId "4655192"]
[BlackFideId "2804344"]
[EventDate "2011.07.30"]

1. Nf3 Nf6 2. g3 b5 3. a4 b4 4. c4 c5 5. Bg2 Bb7 6. O-O e6 7. b3 Be7 8. Bb2 O-O
9. e3 d5 10. d3 Nc6 11. Nbd2 Rc8 12. Ne5 Nxe5 13. Bxe5 Nd7 14. Bb2 Bf6 15. Qc2
Qe7 16. Rac1 Rfd8 17. Rfd1 Ne5 18. cxd5 exd5 19. Nf3 Nxf3+ 20. Bxf3 Bxb2 21.
Qxb2 c4 22. Qd4 cxb3 23. Qxa7 Rc2 24. a5 Ra8 25. Qb6 Ra6 26. Qb5 Rf6 27. a6 Rxa6
28. Bxd5 Rxc1 29. Rxc1 b2 30. Rc7 b1=Q+ 31. Kg2 Bxd5+ 32. e4 Bxe4+ 33. dxe4
Qexe4+ 34. f3 Qb2+ 0-1

[Event "15th HZ Open"]
[Site "Vlissingen NED"]
[Date "2011.08.06"]
[Round "9"]
[White "Hoffmann, Michael1"]
[Black "Fernandez, Daniel Howard"]
[Result "1/2-1/2"]
[WhiteTitle "GM"]
[BlackTitle "IM"]
[WhiteElo "2493"]
[BlackElo "2328"]
[WhiteFideId "4601297"]
[BlackFideId "5801605"]
[EventDate "2011.07.30"]

1. d4 Nf6 2. c4 g6 3. Nc3 d5 4. Nf3 Bg7 5. Qb3 dxc4 6. Qxc4 O-O 7. e4 c6 8. Be2
b5 9. Qd3 a5 10. O-O Na6 11. Bg5 Nc7 12. Rad1 Bb7 13. e5 Nfd5 14. Nxd5 Nxd5 15.
Qd2 Qb6 16. Rc1 Rfd8 17. h4 f6 18. Bh6 Bc8 19. Bxg7 Kxg7 20. exf6+ exf6 21. Rfe1
Bf5 22. Bd3 Bxd3 23. Qxd3 Re8 24. h5 Qc7 25. g3 Qd7 26. hxg6 hxg6 27. Nh4 Qg4
28. Ng2 1/2-1/2

[Event "15th HZ Open"]
[Site "Vlissingen NED"]
[Date "2011.08.06"]
[Round "9"]
[White "Kuipers, Stefan"]
[Black "Deepan, Chakkravarthy J."]
[Result "0-1"]
[WhiteTitle "FM"]
[BlackTitle "GM"]
[WhiteElo "2365"]
[BlackElo "2470"]
[WhiteFideId "1018400"]
[BlackFideId "5011132"]
[EventDate "2011.07.30"]

1. e4 c5 2. Nf3 d6 3. d4 cxd4 4. Nxd4 Nf6 5. Nc3 a6 6. Be3 e5 7. Nb3 Be7 8. h3
Be6 9. Qf3 Nbd7 10. O-O-O b5 11. g4 h6 12. Nd5 Bxd5 13. exd5 Nb6 14. Rg1 Nc4 15.
h4 Nh7 16. g5 hxg5 17. Bd3 Nxe3 18. fxe3 Ra7 19. Rdf1 Bf6 20. h5 Nf8 21. Nd2 Nd7
22. Ne4 Nc5 23. Kb1 Nxe4 24. Bxe4 Rc7 25. Bd3 Qe7 26. e4 Rc5 27. Be2 Qc7 28. Qb3
Qa5 29. a3 Qd2 30. Rg2 Ke7 31. c3 g4 32. Rh1 g6 33. h6 Rxh6 34. Rxh6 Qxh6 35.
Rxg4 Qe3 36. Qd1 Rc8 37. Qd3 Qf2 38. Rg3 Rh8 39. Rf3 Qe1+ 40. Kc2 Rh2 41. Re3
Bg5 0-1

[Event "15th HZ Open"]
[Site "Vlissingen NED"]
[Date "2011.08.06"]
[Round "9"]
[White "Meurs, Tom"]
[Black "Burg, Twan"]
[Result "0-1"]
[BlackTitle "IM"]
[WhiteElo "2217"]
[BlackElo "2450"]
[WhiteFideId "1021176"]
[BlackFideId "1010697"]
[EventDate "2011.07.30"]

1. e4 c5 2. Nf3 d6 3. d4 cxd4 4. Nxd4 Nf6 5. Nc3 a6 6. Bg5 Nbd7 7. f4 Qc7 8. Qf3
b5 9. O-O-O Bb7 10. Bd3 g6 11. Rhe1 Bg7 12. Nd5 Nxd5 13. exd5 Nf6 14. Be4 O-O
15. f5 Qc4 16. Qb3 Qc5 17. Nf3 Rfc8 18. Kb1 a5 19. Qe3 Qc7 20. fxg6 hxg6 21.
Bxf6 Bxf6 22. Ng5 Kg7 23. Qg3 Qc4 24. h4 Qb4 25. Qb3 Rh8 26. g3 Qc5 27. Qd3 Rac8
28. Bxg6 Qb4 29. c3 Rxc3 30. Qe2 Re3 31. Qf2 Rxe1 32. Rxe1 fxg6 0-1

[Event "15th HZ Open"]
[Site "Vlissingen NED"]
[Date "2011.08.06"]
[Round "9"]
[White "Van Haastert, Edwin"]
[Black "Steenbekkers, Franck"]
[Result "1-0"]
[WhiteTitle "IM"]
[BlackTitle "CM"]
[WhiteElo "2421"]
[BlackElo "2223"]
[WhiteFideId "1003992"]
[BlackFideId "1004220"]
[EventDate "2011.07.30"]

1. Nf3 Nf6 2. c4 g6 3. Nc3 Bg7 4. e4 d6 5. d4 O-O 6. Be2 e5 7. O-O Nc6 8. Be3
Ng4 9. Bg5 f6 10. Bh4 h5 11. h3 Nh6 12. d5 Ne7 13. Nd2 g5 14. Bg3 g4 15. hxg4
hxg4 16. Bd3 c6 17. Rb1 a6 18. Qb3 c5 19. Na4 f5 20. Nb6 Rb8 21. Nxc8 Qxc8 22.
exf5 Nexf5 23. Bxf5 Nxf5 24. Ne4 Qd7 25. Qd3 Bh6 26. b4 cxb4 27. c5 Bg7 28. Rxb4
dxc5 29. Nxc5 Qd6 30. Rc4 Nxg3 31. Qxg3 Rf4 32. Rfc1 Qxd5 33. Rxf4 exf4 34. Qxg4
Re8 35. Qxf4 a5 36. Nb3 b5 37. Nxa5 Rf8 38. Qg3 Qd2 39. Nb3 Qxa2 40. Qe3 Qb2 41.
g3 b4 42. Rc4 Qb1+ 43. Kg2 Qf5 44. Rxb4 Bh6 45. Qe2 1-0

[Event "15th HZ Open"]
[Site "Vlissingen NED"]
[Date "2011.08.06"]
[Round "9"]
[White "Timmermans, Ivo"]
[Black "Pavlovic, Milos"]
[Result "1/2-1/2"]
[BlackTitle "GM"]
[WhiteElo "2232"]
[BlackElo "2541"]
[WhiteFideId "1002910"]
[BlackFideId "900389"]
[EventDate "2011.07.30"]

1. e4 c5 2. Nf3 a6 3. c3 e6 4. d4 d5 5. exd5 exd5 6. Be2 c4 7. O-O Bd6 8. b3
cxb3 9. axb3 Ne7 10. Re1 O-O 11. Ba3 Nbc6 12. Bd3 Ng6 13. Bxd6 Qxd6 14. Bxg6
hxg6 15. Ra2 Bf5 16. Rae2 Rac8 17. Re3 a5 18. Nbd2 b5 19. Ne5 b4 20. Nxc6 Rxc6
21. c4 a4 22. c5 Qf6 23. bxa4 Qxd4 24. Nb3 Qxd1 25. Rxd1 Ra8 26. a5 Bc2 27. Rxd5
Re6 28. Nd2 Rxe3 29. fxe3 Rxa5 30. Rd8+ Kh7 31. Rb8 1/2-1/2

[Event "15th HZ Open"]
[Site "Vlissingen NED"]
[Date "2011.08.06"]
[Round "9"]
[White "Haast, Anne"]
[Black "Haimovich, Tal"]
[Result "1-0"]
[WhiteTitle "WIM"]
[BlackTitle "IM"]
[WhiteElo "2223"]
[BlackElo "2419"]
[WhiteFideId "1017292"]
[BlackFideId "2801698"]
[EventDate "2011.07.30"]

1. e4 e5 2. Nf3 Nc6 3. Bb5 a6 4. Ba4 d6 5. c3 Bd7 6. O-O Nge7 7. d4 Ng6 8. d5
Nb8 9. Bxd7+ Nxd7 10. Be3 Be7 11. Ne1 O-O 12. f3 f5 13. c4 fxe4 14. fxe4 Rxf1+
15. Kxf1 Bg5 16. Bf2 Qf6 17. Nf3 Rf8 18. Nc3 Nf4 19. g3 Nh3 20. Kg2 Qh6 21. Qe2
Qh5 22. Rf1 Qg4 23. Be3 Bxe3 24. Qxe3 Nc5 25. Nxe5 Qg5 26. Rxf8+ Kxf8 27. Qf3+
Nf4+ 28. Qxf4+ Qxf4 29. gxf4 dxe5 30. fxe5 Nd3 31. b3 Nxe5 32. Kg3 Ke7 33. Ne2
g6 34. Nd4 Nd3 35. Ne6 c6 36. Kf3 a5 37. Ke3 Nc1 38. e5 Nxa2 39. Nc5 b6 40. d6+
Ke8 41. Ne4 Kd7 42. c5 Nb4 43. cxb6 Nd5+ 44. Kd4 Nxb6 45. Kc5 a4 46. Kxb6 a3 47.
Nc5+ Kd8 48. Kxc6 a2 49. Ne6+ Ke8 50. d7+ Kf7 51. d8=Q a1=Q 52. Qf6+ 1-0

[Event "15th HZ Open"]
[Site "Vlissingen NED"]
[Date "2011.08.06"]
[Round "9"]
[White "Tan, Matthew"]
[Black "Kuling, Lody"]
[Result "1-0"]
[WhiteTitle "FM"]
[WhiteElo "2400"]
[BlackElo "2223"]
[WhiteFideId "1011316"]
[BlackFideId "1019686"]
[EventDate "2011.07.30"]

1. d4 Nf6 2. Nc3 g6 3. e4 d6 4. f4 Bg7 5. Nf3 O-O 6. Bd3 Bg4 7. O-O Nfd7 8. Be3
e5 9. dxe5 dxe5 10. f5 Nc6 11. h3 Bxf3 12. Qxf3 Nd4 13. Qf2 c6 14. Bc4 b5 15.
Bb3 Qe7 16. Rad1 Rad8 17. Ne2 Nc5 18. Ng3 Ncxb3 19. axb3 Qh4 20. Kh2 Bh6 21.
Bxh6 Qxh6 22. c3 Nxb3 23. fxg6 Rxd1 24. gxf7+ Kh8 25. Rxd1 Qe6 26. Qxa7 Qxf7 27.
Rd7 Qg6 28. Qc7 Re8 29. Rd8 Kg8 30. Nf5 Kf8 31. Rxe8+ Qxe8 32. Qg7# 1-0

[Event "15th HZ Open"]
[Site "Vlissingen NED"]
[Date "2011.08.06"]
[Round "9"]
[White "Bosboom, Manuel"]
[Black "Van Den Berg, Bram"]
[Result "1-0"]
[WhiteTitle "IM"]
[WhiteElo "2399"]
[BlackElo "2206"]
[WhiteFideId "1000080"]
[BlackFideId "1008684"]
[EventDate "2011.07.30"]

1. c4 e5 2. b3 Nc6 3. Bb2 g6 4. g3 d6 5. Bg2 Bg7 6. Nc3 f5 7. e3 Nf6 8. Nge2 O-O
9. O-O g5 10. f4 gxf4 11. exf4 Be6 12. d4 Nxd4 13. Nxd4 exd4 14. Qxd4 c6 15.
Rad1 Ne4 16. Qe3 Qb6 17. Qxb6 axb6 18. Nxe4 Bxb2 19. Nxd6 Rxa2 20. Rfe1 Bc8 21.
Nxc8 Rxc8 22. Bh3 Rf8 23. Re7 Ra3 24. Rxb7 Rxb3 25. Bg2 b5 26. Bxc6 bxc4 27.
Bd5+ Kh8 28. Rxb3 cxb3 29. Bxb3 Kg7 30. Rd7+ Kg6 31. Bc2 1-0

[Event "15th HZ Open"]
[Site "Vlissingen NED"]
[Date "2011.08.06"]
[Round "9"]
[White "Eisenbeiser, Amadeus"]
[Black "Smits, Sebastiaan"]
[Result "1-0"]
[WhiteTitle "IM"]
[WhiteElo "2386"]
[BlackElo "2180"]
[WhiteFideId "4678338"]
[BlackFideId "1019384"]
[EventDate "2011.07.30"]

1. e4 c5 2. Nf3 d6 3. c4 Bg4 4. Be2 Nc6 5. O-O g6 6. Nc3 Bg7 7. d3 e6 8. h3 Bxf3
9. Bxf3 Nge7 10. g3 O-O 11. Bg2 Nd4 12. f4 Qd7 13. Rb1 Nec6 14. a3 a5 15. Bd2 f5
16. Kh2 Kh8 17. Qa4 Rad8 18. Nd1 Rb8 19. Ne3 b5 20. cxb5 Rxb5 21. Bc3 Rfb8 22.
Rbe1 Nb3 23. Nc4 Ncd4 24. Rf2 R5b7 25. Qxd7 Rxd7 26. exf5 gxf5 27. Nxa5 Nxa5 28.
Bxa5 Kg8 29. Bc3 Kf7 30. g4 h6 31. gxf5 Nxf5 32. Bxg7 Nxg7 33. Bf3 Rb3 34. Rd2
Nf5 35. Rg1 Kf6 36. Rg8 Nd4 37. Bd1 Rdb7 38. Rgg2 R3b6 39. Bh5 Nf5 40. Kg1 Rb8
41. Rg6+ Ke7 42. Rgg2 Kf6 43. Kh1 Nd4 44. Bd1 Nf5 45. Bg4 Nd4 46. h4 Nb3 47.
Rde2 Nd4 48. Ref2 Rb3 49. Rd2 R3b6 50. h5 d5 51. Bd1 Nf5 52. Rde2 Nd4 53. Rd2
Nf5 54. Rgf2 Kf7 55. b3 Ne3 56. Bc2 Nxc2 57. Rxc2 Rxb3 58. Rxc5 1-0

[Event "15th HZ Open"]
[Site "Vlissingen NED"]
[Date "2011.08.06"]
[Round "9"]
[White "Van Eijk, Sander"]
[Black "Brookes, Christopher"]
[Result "1-0"]
[WhiteTitle "FM"]
[WhiteElo "2380"]
[BlackElo "2056"]
[WhiteFideId "1011510"]
[BlackFideId "4669355"]
[EventDate "2011.07.30"]

1. e4 c5 2. Nf3 d6 3. d4 cxd4 4. Nxd4 Nf6 5. Nc3 g6 6. g3 Bg7 7. Bg2 O-O 8. O-O
Nc6 9. Nde2 Be6 10. h3 Rc8 11. Be3 Ne5 12. b3 Qc7 13. Rc1 Qa5 14. a4 Rfd8 15.
Nd5 Kf8 16. c4 Rd7 17. Nd4 Nc6 18. Nb5 Ne8 19. Re1 b6 20. f4 Nb4 21. Kh2 Bb2 22.
Rb1 Bg7 23. g4 Bxd5 24. exd5 e6 25. dxe6 fxe6 26. Bd2 e5 27. Rf1 a6 28. fxe5+
Kg8 29. Bd5+ Kh8 30. Be6 Bxe5+ 31. Kh1 axb5 32. Bxd7 Qa8+ 33. Qf3 Nd3 34. Bxc8 1-0

[Event "15th HZ Open"]
[Site "Vlissingen NED"]
[Date "2011.08.06"]
[Round "9"]
[White "Hamelink, Desiree"]
[Black "Dahm, Jochen"]
[Result "1/2-1/2"]
[WhiteTitle "WIM"]
[BlackTitle "FM"]
[WhiteElo "2220"]
[BlackElo "2345"]
[WhiteFideId "1006258"]
[BlackFideId "4659350"]
[EventDate "2011.07.30"]

1. c4 Nf6 2. g3 e6 3. Bg2 c5 4. Nf3 b6 5. O-O Bb7 6. Nc3 a6 7. b3 Be7 8. Bb2 O-O
9. e3 Qc7 10. Rc1 d6 11. Qe2 Nbd7 12. d4 Rfe8 13. Rfd1 Ne4 14. Nxe4 Bxe4 15. Ne1
Bxg2 16. Nxg2 Qb7 17. Nf4 cxd4 18. exd4 Bg5 19. Qg4 h6 20. Rc3 Rac8 21. h4 Nf6
22. Qf3 Qxf3 23. Rxf3 Bxf4 24. Rxf4 d5 25. Rc1 Ne4 26. Rf3 g5 27. hxg5 hxg5 28.
Rd3 g4 29. Kg2 Ng5 30. Ba3 Nf3 31. c5 Kg7 32. Kf1 Rc6 33. b4 b5 34. Bb2 Rh8 35.
Ke2 Ng5 36. Rdd1 f5 37. Rh1 Nf7 38. Rxh8 Nxh8 39. Ra1 Ng6 40. Ke3 Ne7 41. a4
bxa4 42. Rxa4 Kf6 43. Bc3 Ng6 44. Ra5 f4+ 45. gxf4 Kf5 46. b5 axb5 47. Rxb5 Nxf4
48. Rb8 Ng2+ 49. Kd3 Nf4+ 50. Ke3 Ng2+ 51. Kd3 Nf4+ 1/2-1/2

[Event "15th HZ Open"]
[Site "Vlissingen NED"]
[Date "2011.08.06"]
[Round "9"]
[White "Nieuwelink, Kees"]
[Black "Vishnu Prasanna. V"]
[Result "0-1"]
[BlackTitle "IM"]
[WhiteElo "2177"]
[BlackElo "2340"]
[WhiteFideId "1003216"]
[BlackFideId "5030692"]
[EventDate "2011.07.30"]

1. e4 c5 2. Nf3 d6 3. d4 cxd4 4. Nxd4 Nf6 5. Nc3 a6 6. f4 e6 7. Qf3 Nbd7 8. Be3
e5 9. Nb3 b5 10. a3 Bb7 11. Be2 Rc8 12. O-O Be7 13. fxe5 Nxe5 14. Qf4 O-O 15.
Nd4 Rxc3 16. bxc3 Nxe4 17. Nf3 Nxc3 18. Rae1 Nd5 19. Qd4 Bf6 20. Nxe5 Bxe5 21.
Qe4 f5 22. Qf3 Nxe3 23. Qxe3 Qh4 24. Qb3+ Kh8 25. h3 g6 26. Bf3 Qd4+ 27. Kh1 Qf4
28. Kg1 Qh2+ 29. Kf2 Bg3+ 30. Ke2 Bxf3+ 31. Kxf3 Bh4 32. Qc3+ Kg8 33. Qb3+ Kg7
34. Qc3+ Kh6 35. Qd2+ f4 36. Re6 Qg3+ 37. Ke4 Qxa3 38. c3 Qb3 39. Rxd6 Qa4+ 0-1